[Event "South West Open"]
[Site "Margaret River AUS"]
[Date "2024.09.14"]
[Round "3.6"]
[White "Stewart,Clint"]
[Black "Molenaar,Michael"]
[Result "1-0"]
[BlackElo "1852"]
[BlackFideId "0"]
[EventDate "2024.09.14"]
[PlyCount "0"]
[WhiteElo "1658"]
[WhiteFideId "3209083"]

1. e4 c5 2. Nf3 d6 3. d4 cxd4 4. Nxd4 Nf6 5. Nc3 Nc6 6. Be2 Ng4 7. Bg5 h6 8. Bh4
g5 9. Bg3 Bg7 10. Nf3 a6 11. h3 Nf6 12. e5 dxe5 13. Qxd8+ Nxd8 14. Nxe5 Nd7 15.
Nd5 Ra7 16. Nc7+ Kf8 17. Nxd7+ Bxd7 18. O-O-O  1-0

[Event "South West Open"]
[Site "Margaret River AUS"]
[Date "2024.09.14"]
[Round "3.10"]
[White "Mazza,Stephen"]
[Black "Rithauddin,Florentyna"]
[Result "0-1"]
[BlackElo "1439"]
[BlackFideId "35816694"]
[EventDate "2024.09.14"]
[PlyCount "0"]
[WhiteElo "1303"]
[WhiteFideId "0"]

1. d4 d5 2. c4 e6 3. Nc3 Nf6 4. Bg5 Be7 5. e3 O-O 6. Nf3 h6 7. Bh4 c6 8. Bd3
Nbd7 9. O-O a6 10. Rc1 b5 11. cxd5 exd5 12. a3 a5 13. Bg3 b4 14. axb4 axb4 15.
Na4 Bb7 16. Ne5 Qa5 17. b3 c5 18. dxc5 Nxc5 19. Nxc5 Bxc5 20. Qc2 Ba7 21. Nc6
Bxc6 22. Qxc6 d4 23. exd4 Bxd4 24. Qc4 Bc3 25. Bc7 Qd5 26. Bf4 Rfc8 27. Qxd5
Nxd5 28. Bg3 Ra3 29. Bc4 Nb6 30. Rfd1 Nxc4 31. bxc4 Rxc4 32. Be5 Re4 33. Bd6
Ra2 34. Rb1 Ree2 35. Bc5 Rab2 36. Rdc1 Rec2 37. Kf1 b3 38. Ba3 Rxf2+ 39. Kg1
Rxg2+ 40. Kh1 Rxh2+ 41. Kg1 Bd4+ 42. Kf1 Rh1#  0-1

[Event "South West Open"]
[Site "Margaret River AUS"]
[Date "2024.09.14"]
[Round "3.11"]
[White "Mezger,Kado"]
[Black "Prince,John"]
[Result "0-1"]
[BlackElo "1552"]
[BlackFideId "3266060"]
[EventDate "2024.09.14"]
[PlyCount "0"]
[WhiteElo "1017"]
[WhiteFideId "0"]

1. e4 Nf6 2. e5 Nd5 3. d4 d6 4. f4 dxe5 5. fxe5 Nc6 ( 5... c5 { gives Black a
slight edge.} )6. Bb5 Bd7 7. Nf3 a6 8. Bc4 Bg4 9. c3 e6 10. h3 Bh5 11. O-O Be7
12. Qb3 Na5 13. Qa4+ c6 14. Bd3 O-O 15. c4 b5 16. Qc2 h6 17. cxd5 cxd5 18. Nc3
Rc8 19. Qd2 Bb4 20. Qf2 Bxc3 21. bxc3 Rxc3 22. Qd2 b4 23. a3 Nb3 24. Qd1 Nxa1
25. Bb2 Rxd3 26. Qxd3 Bg6 27. Qxa6 Nc2 28. axb4 Nxb4 29. Qd6 Nd3 30. Ba3 Qa8
31. Qxf8+ Qxf8 32. Bxf8 Kxf8 33. Ra1 Kg8 34. Nd2 Nf4 35. Kf2 Nd3+ 36. Ke3 Nb4
37. Ra8+ Kh7 38. Ra4 Nc2+ 39. Kf2 h5 40. h4 Bf5 41. Nf3 Kg6 { White has a solid
position and a clear advantage. Patience is needed, but he starts to drift.} 
42. Ng5 f6 43. Nf3 Bg4 44. Ra6 { The advantage disappears.}  44... Bxf3 45.
gxf3 Nxd4 46. exf6 gxf6 47. Ke3 Nf5+ 48. Kf4 { A sad end.}  48... e5#  0-1

[Event "South West Open"]
[Site "Margaret River AUS"]
[Date "2024.09.14"]
[Round "3.12"]
[White "Cotterill,Graeme"]
[Black "Moseley,Paul"]
[Result "0-1"]
[BlackElo "1516"]
[BlackFideId "3250911"]
[EventDate "2024.09.14"]
[PlyCount "0"]
[WhiteElo "1336"]
[WhiteFideId "3274942"]

1. e4 c5 2. Nf3 d6 3. d4 cxd4 4. Nxd4 Nf6 5. Nc3 g6 6. Be3 a6 7. f3 b5 8. a3 Bg7
9. Qd2 h5 10. O-O-O Nbd7 11. Nde2 Ne5 12. Nf4 Bb7 13. Nfd5 Nfd7 14. Bg5 f6 15.
Be3 Rc8 16. Nf4 Kf7 17. Nfd5 Nc4 18. Bxc4 bxc4 19. Na4 Rc6 20. Qb4 Ba8 21. Rd4
Qb8 22. Rxc4 Qxb4 23. Rxb4 Rhc8 24. Nac3 f5 25. Bd4 Bxd4 26. Rxd4 Ne5 27. exf5
gxf5 28. Nb4 Rb6  0-1

[Event "South West Open"]
[Site "Margaret River AUS"]
[Date "2024.09.14"]
[Round "3.13"]
[White "Pass,Tony"]
[Black "Dawoud,Ahmad"]
[Result "1-0"]
[BlackElo "1120"]
[BlackFideId "3256669"]
[EventDate "2024.09.14"]
[PlyCount "0"]
[WhiteElo "1360"]
[WhiteFideId "3276988"]

1. d4 d5 2. Nf3 Bf5 3. e3 e6 4. Nh4 Bg6 5. Nxg6 hxg6 6. Nd2 Qd6 7. a3 Rxh2 8.
Rxh2 Qxh2 9. Nf3 Qd6 10. Ne5 Nd7 11. f4 Nxe5 12. dxe5 Qb6 13. b3 Be7 14. g3 f6
15. Bd3 f5 16. g4 O-O-O 17. g5 c5 18. Qe2 d4 19. Bc4 a6 20. Bb2 Qc6 21. Kf2 b5
22. Bd3 Rd7 23. a4 c4 24. axb5 axb5 25. bxc4 dxe3+ 26. Kg3 Bc5 27. cxb5 Qb6 28.
Ra8+  1-0

[Event "South West Open"]
[Site "Margaret River AUS"]
[Date "2024.09.15"]
[Round "4.1"]
[White "Rahmani,Noor"]
[Black "Fokaite,Gabriele"]
[Result "1-0"]
[BlackElo "1748"]
[BlackFideId "12808202"]
[EventDate "2024.09.14"]
[PlyCount "0"]
[WhiteElo "2244"]
[WhiteFideId "3278824"]

1. d4 e6 2. c4 f5 3. g3 Nf6 4. Nc3 Be7 5. Bg2 O-O 6. Qc2 d6 7. Bd2 Nbd7 8. h3
Nb6 9. b3 Rb8 10. e4 Bd7 11. Nge2 Qe8 12. e5 Ne4 13. Nxe4 fxe4 14. Bxe4 h6 15.
Bh7+ Kh8 16. Nf4 Rxf4 17. Bxf4 Bc6 18. O-O Qh5 19. Kh2 Qf3 20. Rg1 Rf8 21. Rae1
Rxf4 22. gxf4 Qxf4+ 23. Rg3 Bh4 24. Be4 d5 25. Bg2 Bxg3+ 26. fxg3 Qxd4 27. Rf1
Qc5 28. Qf2 Qxf2 29. Rxf2 Kg8 30. cxd5 Nxd5 31. Bxd5 Bxd5 32. g4 c5 33. Kg3 g6
34. Kf4 Kg7 ( 34... g5+)35. h4 b5 36. Rc2 c4 37. bxc4 Bxc4 38. Ke3 Kf7 39. Kd4
Ke7 40. Kc5 a5 41. a3 Kd7 42. Rf2 Ke7 43. Rb2 a4 44. Rxb5 Bxb5 45. Kxb5 Kd7 46.
Kxa4 Kc6 47. Kb4 Kd5 48. a4 Kxe5 49. Kc5 Kf4 50. a5 e5 51. a6 e4 52. a7 e3 53.
a8=Q e2 54. Qa1 Kxg4 55. Qe1 h5 56. Kd4 g5 57. hxg5 Kxg5 58. Qxe2 h4 59. Qh2
Kg4 60. Ke4 h3 61. Qf4+  1-0

[Event "South West Open"]
[Site "Margaret River AUS"]
[Date "2024.09.15"]
[Round "4.2"]
[White "Lucas,Bradley"]
[Black "Hare,Tim"]
[Result "0-1"]
[BlackElo "2287"]
[BlackFideId "4300629"]
[EventDate "2024.09.14"]
[PlyCount "0"]
[WhiteElo "1965"]
[WhiteFideId "311105223"]

1. e4 d6 2. d4 g6 3. Nc3 c6 4. f4 d5 5. e5 h5 6. Nf3 Nh6 7. Be3 Bf5 8. Bd3 e6 9.
g3 Be7 10. h3 Nd7 11. Qd2 Qa5 12. O-O-O b5 13. Kb1 Nb6 14. Bxf5 Nxf5 15. Ne2
Bb4 16. Qd3 Nxe3 17. Qxe3 Nc4 18. Qd3 Rb8 19. g4 Rb6 20. f5 Ra6 21. Nc1 gxf5
22. gxf5 Rh6 23. fxe6 Rxe6 { White has a decisive advantage.}  24. Ng5 ( 24.
Rhg1 { was needed before the knight move.}  24... Ke7 25. Qf5 Ne3 ( 25... Qc7
26. Ng5 Kd8 27. Nxe6+ { etc.}  )26. Qg5+ )24... Bd2 25. Rxd2 Nxd2+ 26. Ka1 Rg6
27. Nxf7 Kxf7 28. Qf5+ $4 { White's advantage is gone.}  ( 28. e6+ Kf6 29. e7
Rg8 30. Qe3 Re8 31. Qe5+ )28... Kg7 29. Qd7+ Kh6 30. e6 c5 31. e7 Qxa2+  0-1

[Event "South West Open"]
[Site "Margaret River AUS"]
[Date "2024.09.15"]
[Round "4.3"]
[White "Kerr,Lennon"]
[Black "Hardegen,Kathryn"]
[Result "0-1"]
[BlackElo "2067"]
[BlackFideId "3226778"]
[EventDate "2024.09.14"]
[PlyCount "0"]
[WhiteElo "1691"]
[WhiteFideId "3261735"]

1. e4 g6 2. d4 Bg7 3. Nf3 d6 4. Bc4 a6 5. Nc3 b5 6. Bb3 e6 7. Bg5 Ne7 8. O-O Nd7
9. a3 c5 10. Ne2 c4 11. Ba2 Bb7 12. Ng3 h6 13. Bxe7 Qxe7 14. b3 cxb3 15. Bxb3
O-O 16. Qe2 Nb6 17. a4 bxa4 18. Bxa4 Qc7 19. Bb3 Rfc8 20. Rfd1 a5 21. Rdc1 a4
22. Ba2 d5 23. e5 Ba6 24. Qe3 Bc4 25. Rd1 Bxa2 26. Rxa2 Nc4 27. Qc1 a3 28. h3
Bf8 29. Nh2 Nb2 30. Ng4 Qxc2 31. Qxc2 Rxc2 32. Rb1 Rd2 33. Ne3 Rxd4 34. Ne2 Rd2
35. Nc1 d4 36. Ng4 Rd1+ 37. Kh2 Nd3 38. Raa1 Rxc1 39. Rxc1 Nxc1 40. Rxc1 a2 41.
Ra1 Bb4 42. Nf6+ Kg7  0-1

[Event "South West Open"]
[Site "Margaret River AUS"]
[Date "2024.09.15"]
[Round "4.4"]
[White "Mukhedkar,Sanjay"]
[Black "Stewart,Clint"]
[Result "1-0"]
[BlackElo "1658"]
[BlackFideId "3209083"]
[EventDate "2024.09.14"]
[PlyCount "0"]
[WhiteElo "1821"]
[WhiteFideId "3251217"]

1. e4 c5 2. Nf3 d6 3. d4 cxd4 4. Nxd4 Nf6 5. Nc3 g6 6. Be3 Bg7 7. f3 O-O 8. Qd2
Nc6 9. O-O-O d5 10. Nxc6 bxc6 11. e5 Ne8 12. f4 Qa5 13. Qf2 f6 14. Bc5 fxe5 15.
Bxe7 Rxf4 16. Qc5 Qc7 17. Bg5 Bf8 18. Nxd5 cxd5 19. Qxd5+ Rf7 20. Qxa8 Bf5 21.
Bd3 Nd6 22. Bxf5 Nxf5 23. Qd5 Kg7 24. Rhe1 Bd6 25. Bd2 Nd4 26. Bc3 Rf4 27. Qa5
Qe7 28. Bxd4  1-0

[Event "South West Open"]
[Site "Margaret River AUS"]
[Date "2024.09.15"]
[Round "4.5"]
[White "Garang,Kuol Awan"]
[Black "Kerr,Carter"]
[Result "0-1"]
[BlackElo "1734"]
[BlackFideId "3261859"]
[EventDate "2024.09.14"]
[PlyCount "0"]
[WhiteElo "1667"]
[WhiteFideId "3233782"]

1. e4 e5 2. Bc4 Nf6 3. Nc3 Bc5 4. Nf3 Nc6 5. O-O d6 6. h3 O-O 7. d3 Be6 8. Nd5
Bxd5 9. exd5 Na5 10. Bb5 Nxd5 11. Bd2 Nc6 12. c3 Nf6 13. b4 Bb6 14. a4 a5 15.
Bxc6 bxc6 16. Bg5 Qe7 17. Nd2 Qe6 18. Re1 Nd5 19. Qb3 Qf5 20. Ne4 Bxf2+ 21.
Nxf2 Qxg5 22. bxa5 Nf4 23. g4 Qh4 24. Re3 Rxa5 25. Qb7 Nd5 26. Rf3 Qe7 27. c4
Nf6 28. Qxc6 Rb8 29. Re3 d5 30. cxd5 Rc5 31. Qa6 Nxd5 32. Ree1 Nf4 33. Qa7 Rd8
34. Ra3 Qh4 35. d4 Rc2 36. dxe5 c5 37. Rf1 g6 38. Rf3 Rdd2 39. Qa8+ Kg7 40.
Rxf4 Qg3+ 41. Qg2 Qxf4 42. e6 fxe6 43. Qb7+ Qf7 44. Qxf7+ Kxf7 45. Ne4+ Ke7 46.
Nxd2 Rxd2 47. Ra1 c4 48. Ra3 Rd3 49. Ra2 c3 50. a5 Rd2 51. Ra1 c2  0-1

[Event "South West Open"]
[Site "Margaret River AUS"]
[Date "2024.09.15"]
[Round "4.6"]
[White "McAteer,Ian"]
[Black "Donaldson,Gary"]
[Result "1-0"]
[BlackElo "1753"]
[BlackFideId "3218570"]
[EventDate "2024.09.14"]
[PlyCount "0"]
[WhiteElo "1849"]
[WhiteFideId "3230015"]

1. d4 d5 2. Bf4 Nf6 3. e3 Bf5 4. Nd2 e6 5. c3 Be7 6. h3 c6 7. Ngf3 Nbd7 8. Qb3
Qb6 9. Be2 h6 10. O-O O-O 11. Rfe1 Ne4 12. Nxe4 Bxe4 13. Nd2 Bf5 14. Bf3 Nf6
15. Qxb6 axb6 16. e4 dxe4 17. Nxe4 Nxe4 18. Bxe4 Bxe4 19. Rxe4 b5 20. Ree1 Rfc8
21. a3 Ra4 22. Bg3 Rca8 23. Rad1 Kf8 24. Kf1 Re8 25. Rd3 Rd8 26. Rf3 Kg8 27.
Bc7 Rd7 28. Be5 Bd6 29. Rfe3 Bxe5 30. Rxe5 g6 31. R1e3 Kg7 32. g4 Ra8 33. f4
Rad8 34. Ke2 Rd6 35. h4 R8d7 36. Kd3 b6 37. Kc2 Rd5 38. Kb3 Rxe5 39. Rxe5 Rd5
40. g5 Rd8 41. a4 bxa4+ 42. Kxa4 hxg5 43. fxg5 Ra8+ 44. Kb4 Kf8 45. c4 Ke7 46.
b3 Kd7 47. Re3 Re8 48. Re4 Rf8 49. Rf4 Ke7 50. c5 b5 { The game had got to move
50 without the evaluation going outside the +/-0.5 band, and suddenly White has
a decisive advantage. Unfortunately, he didn't know it.}  51. Ka5 Kd7 52. Rf6
Ra8+ 53. Kb4 ( 53. Kb6 { was the move that continued the advantage}  53... Rb8+
54. Ka7 Rf8 55. Kb7 b4 56. Rf4 Kd8 57. Kxc6 { etc. Instead, the game returns to
+/-0.5.}  )53... Ke7 54. h5 gxh5 55. Rh6 Rg8 56. Rxh5 Ra8 57. Rh7 Rg8 58. Rh5
Ra8 59. Rh4 Rg8 60. Rg4 Ra8 61. Re4 Rg8 62. Re5 f6 63. gxf6+ Kxf6 64. Re3 Rd8
65. Rf3+ Ke7 66. Kc3 Rg8 67. Rh3 Rg7 68. Kb4 Kd7 69. Rh4 Kc7 70. Ka5 Kb7 71.
Rh6 Re7 72. Rh8 { White's annoying little moves have somehow eked out a small
advantage.}  72... Ka7 73. Rd8 Kb7 74. Rd6 Kc7 75. Kb4 Re8 76. Kc3 e5 77. b4
exd4+ 78. Rxd4 Re3+ 79. Rd3 Re7 80. Rh3 Rd7 { At this point both players were
below five mintues and no further moves were recorded. It is 0.00 of course but
White, with a little more time, nagged away until Black blundered an exchange
of rooks that left White with the opposition and a simple conversion. The game
most likely went past 100 moves.}   1-0

[Event "South West Open"]
[Site "Margaret River AUS"]
[Date "2024.09.15"]
[Round "4.7"]
[White "Rithauddin,Florentyna"]
[Black "Stortz,Robert"]
[Result "1/2-1/2"]
[BlackElo "1838"]
[BlackFideId "3246442"]
[EventDate "2024.09.14"]
[PlyCount "0"]
[WhiteElo "1439"]
[WhiteFideId "35816694"]

1. c4 Nf6 2. d4 c6 3. Nc3 d5 4. cxd5 Nxd5 5. e4 Nf6 6. h3 e6 7. Nf3 Bb4 8. Bd3
Nbd7 9. a3 Be7 10. O-O O-O 11. b4 b6 12. Be3 c5 13. b5 Bb7 14. a4 cxd4 15. Bxd4
Nc5 16. Bxc5 Bxc5 17. Rc1 h6 18. Bb1 Qxd1 19. Rcxd1 Bb4 20. Na2 Bc5 21. Rfe1
Rac8 22. Ne5 Rfd8 23. Rd3 Rxd3 24. Bxd3 Bd6 25. Nf3 Bc5 26. Kf1 Rd8 27. Bc2 Kf8
28. Ne5 Rd2 29. Re2 Rxe2 30. Kxe2 { White was down to 3 minutes on move 26.
Black stopped recording at move 30 and wrote "time trouble" on their score
sheet. Perhaps to record why, with a fair advantage, a draw was agreed.}  
1/2-1/2

[Event "South West Open"]
[Site "Margaret River AUS"]
[Date "2024.09.15"]
[Round "4.9"]
[White "Molenaar,Michael"]
[Black "Mazza,Stephen"]
[Result "1-0"]
[BlackElo "1303"]
[BlackFideId "0"]
[EventDate "2024.09.14"]
[PlyCount "0"]
[WhiteElo "1852"]
[WhiteFideId "0"]

1. d4 Nf6 2. c4 e6 3. Nc3 Bb4 4. f3 d5 5. a3 Bxc3+ 6. bxc3 O-O 7. cxd5 exd5 8.
e3 Nbd7 9. Bd3 Nb6 10. Ne2 Re8 11. O-O Bd7 12. Ng3 a6 13. e4 dxe4 14. fxe4 {
Material is equal but White's space advantage and central control is pushing
the evaluation out beyond +2.}  14... Bb5 15. Bxb5 axb5 16. Bg5 h6 17. Bxf6
gxf6 18. Qh5 Kg7 19. Nf5+ Kg8 20. Qg4+ Kh8 21. Qg7#  1-0

[Event "South West Open"]
[Site "Margaret River AUS"]
[Date "2024.09.15"]
[Round "4.10"]
[White "Prince,John"]
[Black "Pass,Tony"]
[Result "0-1"]
[BlackElo "1360"]
[BlackFideId "3276988"]
[EventDate "2024.09.14"]
[PlyCount "0"]
[WhiteElo "1552"]
[WhiteFideId "3266060"]

1. e4 c6 2. d4 d5 3. Nc3 dxe4 4. Nxe4 Nf6 5. Nxf6+ exf6 6. Nf3 Bd6 7. Bd3 Bg4 8.
h3 Bh5 9. g4 Bg6 10. Qe2+ Be7 11. Be3 O-O 12. O-O-O Re8 13. Bxg6 hxg6 14. Qc4
Nd7 15. d5 c5 16. Nh4 Bd6 17. Ng2 Ne5 18. Qc3 Qc7 19. f4 Nd7 20. h4 b5 21. a3
Nb6 22. b3 a5 23. b4 axb4 24. axb4 Nc4 25. bxc5 Bxc5 26. Bxc5 Qxc5 27. Rhe1
Rxe1 28. Nxe1 Ra3 29. Nd3 Qe3+  0-1

[Event "South West Open"]
[Site "Margaret River AUS"]
[Date "2024.09.15"]
[Round "5.1"]
[White "Hare,Tim"]
[Black "Rahmani,Noor"]
[Result "1-0"]
[BlackElo "2244"]
[BlackFideId "3278824"]
[EventDate "2024.09.14"]
[PlyCount "0"]
[WhiteElo "2287"]
[WhiteFideId "4300629"]

1. Nf3 d5 2. g3 Nc6 3. d4 Bf5 4. c3 e6 5. Bg2 Be7 6. O-O h5 7. h4 f6 8. Nbd2 g5
9. Re1 Bg4 10. Qb3 Na5 11. Qa4+ Nc6 12. e4 dxe4 13. Rxe4 Qd7 14. Re1 Nh6 15. b4
Nf5 16. b5 Nd8 17. hxg5 h4 18. gxf6 Bxf6 19. Ne4 Bg7 20. Ne5 Bxe5 21. dxe5 Rf8
22. Nf6+ Rxf6 23. exf6 h3 24. Qxg4 h2+ 25. Kxh2 Qh7+ 26. Kg1 Kf7 27. Bg5 Qg6
28. Be4 Kf8 29. Bxf5 exf5 30. Qb4+ Kg8 31. Re7 Nf7 32. Rxf7 Qxf7 33. Qb3 Re8
34. Rd1 c5 35. bxc6 bxc6 36. Rd7 Qxb3 37. axb3  1-0

[Event "South West Open"]
[Site "Margaret River AUS"]
[Date "2024.09.15"]
[Round "5.2"]
[White "Fokaite,Gabriele"]
[Black "Lucas,Bradley"]
[Result "1/2-1/2"]
[BlackElo "1965"]
[BlackFideId "311105223"]
[EventDate "2024.09.14"]
[PlyCount "0"]
[WhiteElo "1748"]
[WhiteFideId "12808202"]

1. e4 e5 2. Nc3 Nf6 3. f4 d5 4. fxe5 Nxe4 5. Nf3 Nc6 6. d4 Bb4 7. Bd2 a5 8. Bd3
Bg4 9. Nxe4 Bxf3 10. Qxf3 dxe4 11. Qxe4 Bxd2+ 12. Kxd2 Qxd4 13. Qxd4 Nxd4 14.
Rae1 O-O-O 15. Kc1 Rhe8 16. Rhf1 Re7 17. Bc4 Rdd7 18. Rf4 Ne6 19. Rf3 Nd4 20.
Rh3 h6 21. Rg3 f6 22. e6 Rd6 23. Rxg7 Rxg7 24. e7 Rxe7 25. Rxe7 Rd7 26. Re4 b5
27. Bd3 Rd5 28. Re7 Nc6 29. Re6 Nb4 30. Rxf6 Nxd3+ 31. cxd3 Rh5 32. h3 Rg5 33.
Rf2 Rg3 34. Kd2 Kd7 35. Kc3 c5 36. Rf5 Kd6 37. Rf6+ Kd5 38. Rf5+ Kd6 39. Rh5 
1/2-1/2

[Event "South West Open"]
[Site "Margaret River AUS"]
[Date "2024.09.15"]
[Round "5.3"]
[White "Kerr,Carter"]
[Black "Mukhedkar,Sanjay"]
[Result "1-0"]
[BlackElo "1821"]
[BlackFideId "3251217"]
[EventDate "2024.09.14"]
[PlyCount "0"]
[WhiteElo "1734"]
[WhiteFideId "3261859"]

1. e4 c6 2. Nf3 d5 3. Nc3 e6 4. exd5 exd5 5. d4 Nf6 6. Bd3 Bd6 7. Bg5 O-O 8. O-O
Bg4 9. Re1 Nbd7 10. h3 Bh5 11. Bf5 Qc7 12. Qd3 Bxf3 13. Qxf3 Rfe8 14. Ne2 Ne4
15. Bh4 Ndf6 16. Nc3 g5 17. Bxe4 Nxe4 18. Nxe4 dxe4 19. Qg4 f6 20. Bg3 e3 21.
Rxe3 Rxe3 22. Bxd6 Qxd6 23. fxe3 Rd8 24. Rf1 Kg7 25. Qe4 Qd7 26. c4 Re8 27. Qf3
Qd6 28. Kh1 Rf8 29. b3 Kg6 30. e4 h5 31. d5 Qe5 32. Qf5+ Qxf5 33. exf5+ Kf7 34.
d6 b6 35. b4 Re8 36. Rd1 Rd8 37. c5 b5 38. Re1 Rd7 39. g4 h4 40. Re6 a6 41. a3
Kg7 42. Kg2 Kf7 43. Kf2 Kg7 44. Re8  1-0

[Event "South West Open"]
[Site "Margaret River AUS"]
[Date "2024.09.15"]
[Round "5.4"]
[White "Hardegen,Kathryn"]
[Black "McAteer,Ian"]
[Result "1/2-1/2"]
[BlackElo "1849"]
[BlackFideId "3230015"]
[EventDate "2024.09.14"]
[PlyCount "0"]
[WhiteElo "2067"]
[WhiteFideId "3226778"]

1. Nf3 d5 2. d4 Nf6 3. c4 c6 4. Nc3 e6 5. e3 Nbd7 6. Bd2 Bd6 7. Bd3 dxc4 8. Bxc4
O-O 9. O-O e5 { Nine moves in and it's all zeros.}  10. h3 h6 11. Qc2 exd4 12.
Nxd4 Ne5 13. Be2 Bd7 14. Rad1 Qe7 15. f4 Ng6 16. e4 Bc5 17. Be3 Rfe8 18. Bf3
Nh4 19. e5 Nxf3+ 20. Rxf3 Nh7 21. Na4 Bxd4 22. Bxd4 Be6 { Up to this point the
evaluation hadn't moved outside the range of +1.00 to -1.00, but the engine
really doesn't like this. Better was:}  ( 22... b6 23. Rg3 Qe6 { Altough
White's advantage is still pleasant.}  )23. Bc5 Qh4 24. Nc3 Qh5 25. Qf2 f5 26.
Bxa7 Qf7 27. a3 Nf8 { There must be some way out of the corner!}  28. Bc5 Bb3
29. Rd2 Ne6 30. Rfd3 Rad8 31. Bb6 Rxd3 32. Rxd3 Bc4 33. Rd6 Ba6 { White is
better in this position but Black was feeling a lot less stressed with the
bishop and the knight now both on good squares. The long range focus of the
bishop on f1 was already in Blacks mind and this proved to be a key theme.} 
34. Qd2 Qe7 35. b3 { A bit of a loss of time?}  35... Qh4 36. Be3 g5 { A huge
blunder if the exchange sac is spotted.}  37. fxg5 { It wasn't. Crushing was
the line:}  ( 37. Rxe6 Rxe6 38. Qd8+ Kf7 39. Qd7+ Re7 { and mate in nine is
announced.}  )37... hxg5 38. Rd7 { Rxe6 was still better, but not decisive.} 
38... g4 39. Bf2 Qh5 40. hxg4 fxg4 { The idea of opening the f-file to get to
f1 was now very much in Black's mind.}  41. Bg3 Rf8 42. Ne2 Qf5 43. Kh2 ( 43.
Qh6 { retains White's edge.}  43... Bxe2 44. Re7 Bd3 45. Rxe6 )43... Qh5+ 44.
Kg1 Qf5 45. Nd4 { And now Black has has a strong edge.}  45... Qb1+ 46. Kh2 Qg6
47. Ne2 { And Black is winning, except}  47... Qh5+ { the win is missed.}  (
47... Rf1 48. Rd8+ Kh7 49. Rd7+ Ng7 50. Bf4 ( 50. Ng1 Qh5+ 51. Nh3 gxh3 52.
gxh3 )50... Bxe2 51. Kg3 ( 51. Qxe2 g3+ 52. Bxg3 Qh6+ 53. Bh4 Qxh4# )51... Bf3
52. gxf3 gxf3+ 53. Bg5 Rg1+ 54. Kxf3 Rxg5 )48. Kg1 Qf5 { White was very low on
time at this point, but Black couldn't see a clear way to make progress  (  the
engine gives White the edge  )  so the threefold repetition was claimed as this
position was a repeat of the position after Black's move 42 and 44.}   1/2-1/2

[Event "South West Open"]
[Site "Margaret River AUS"]
[Date "2024.09.15"]
[Round "5.5"]
[White "Elkington,Derek"]
[Black "Moseley,Paul"]
[Result "1-0"]
[BlackElo "1516"]
[BlackFideId "3250911"]
[EventDate "2024.09.14"]
[PlyCount "0"]
[WhiteElo "1891"]
[WhiteFideId "3212564"]

1. e4 c5 2. Nf3 d6 3. d4 cxd4 4. Nxd4 Nf6 5. Nc3 g6 6. Be3 a6 7. f3 Bg7 8. Qd2
h5 9. h4 b5 10. a4 bxa4 11. Rxa4 Bb7 12. b4 Nbd7 13. b5 a5 14. Nc6 Bxc6 15.
bxc6 Nb6 16. Bb5 O-O 17. Ra2 Qc7 18. Kf2 Rfd8 19. Nd5 Nbxd5 20. exd5 e6 21. c4
e5 22. Rha1 e4 23. Ra4 exf3 24. gxf3 Ne4+ 25. fxe4 Bxa1 26. Rxa1 Re8 27. Qd4
Qe7 28. Bg5 Qxe4 29. Qxe4 Rxe4 30. c7 Kg7 31. Bd8  1-0

[Event "South West Open"]
[Site "Margaret River AUS"]
[Date "2024.09.15"]
[Round "5.6"]
[White "Stortz,Robert"]
[Black "Molenaar,Michael"]
[Result "1-0"]
[BlackElo "1852"]
[BlackFideId "0"]
[EventDate "2024.09.14"]
[PlyCount "0"]
[WhiteElo "1838"]
[WhiteFideId "3246442"]

1. d4 d5 2. Bf4 c5 3. c3 Nc6 4. e3 Bf5 5. Qb3 Qd7 6. dxc5 e5 7. Bg3 Bxc5 8. Nf3
f6 9. Nbd2 e4 10. Nd4 Bxd4 11. cxd4 a6 12. Be2 Nge7 13. Rc1 Be6 14. Bh5+ g6 15.
Be2 Nf5 16. Bg4 Nfxd4 17. Bxe6 Nxe6 18. Rd1 f5 19. Nc4 { A huge blunder by
White, perhaps overlooking that the queen is en prise after the pawn capture.} 
19... dxc4 20. Qxc4 Qf7 21. Rd6 Ng7 { A return blunder, throwing away the
advantage.}  ( 21... Ned8 { and White is lost.} )22. Rxc6 Qxc4 23. Rxc4 Ne6 24.
Ke2 O-O 25. Rhc1 Rfe8 26. R4c3 b6 27. b4 a5 28. a3 axb4 29. axb4 Ra2+ 30. R3c2
Rxc2+ 31. Rxc2 Ra8 32. Rc6 Kf7 { At this point both players fell below five
minutes and no further moves were recorded. White has a clear edge, wth Rxb6
coming, and he went on to convert the win.}   1-0

[Event "South West Open"]
[Site "Margaret River AUS"]
[Date "2024.09.15"]
[Round "5.7"]
[White "Stewart,Clint"]
[Black "Kerr,Lennon"]
[Result "1-0"]
[BlackElo "1691"]
[BlackFideId "3261735"]
[EventDate "2024.09.14"]
[PlyCount "0"]
[WhiteElo "1658"]
[WhiteFideId "3209083"]

1. f4 d5 2. Nf3 Nf6 3. g3 Nc6 4. Bg2 Bf5 5. d3 e6 6. O-O Bc5+ 7. d4 Bb6 8. c3
O-O 9. Nbd2 Re8 10. Ne5 Nxe5 11. fxe5 Ng4 12. Nf3 Be4 13. Kh1 Bg6 14. Nh4 c5
15. Nxg6 hxg6 16. e4 dxe4 17. Qxg4 cxd4 18. cxd4 Qxd4 19. Qxe4 Qc5 20. Bg5 Qb5
21. Qxb7 Qxe5 22. Qxf7+ Kh8 23. Rf4 Qxg5 24. Rh4+ Qxh4 25. gxh4 Rad8 26. Be4 
1-0

[Event "South West Open"]
[Site "Margaret River AUS"]
[Date "2024.09.15"]
[Round "5.8"]
[White "Pass,Tony"]
[Black "Garang,Kuol Awan"]
[Result "0-1"]
[BlackElo "1667"]
[BlackFideId "3233782"]
[EventDate "2024.09.14"]
[PlyCount "0"]
[WhiteElo "1360"]
[WhiteFideId "3276988"]

1. d4 e5 2. dxe5 Nc6 3. Nf3 Bc5 4. a3 d6 5. exd6 Nge7 { Oh no, my knight.}  6.
dxe7 ( 6. Bf4 { maintains White's advantage.} )6... Bxf2+ 7. Kxf2 Qxd1 8. Nbd2
Qxc2 9. e3 Nxe7 10. Bc4 Be6 11. Be2 O-O 12. Bd1 Qd3 13. Be2 Qg6 14. Ne5 Qf5+
15. Ndf3 f6 16. Nd3 Rad8 17. Nf4 Bd5 18. Nd4 Qe5 19. Bd2 c5 20. Nd3 Qe4 21. Nf3
b6 22. h3 Ba8 23. Nf4 Nf5 24. Rab1 Rxd2 25. Nxd2 Qxe3+ 26. Ke1 Qg3+ 27. Kd1
Ne3+  0-1